Sports Quiz

Random Sports or NCAA Quiz

Michigan State Spartans Starting QBs 1985-present Quiz Stats

 Plays Quiz not verified by Sporcle

Challenge
Share
Tweet
Embed
Score 0/21 Timer 10:00
0 Plays Today
Year(s) Started Quarterback % Correct
2009-2011Kirk Cousins
90.1%
2004-2006Drew Stanton
88.3%
2013-2015Connor Cook
78.9%
2000-2003Jeff Smoker
75.4%
2006-2008Brian Hoyer
75.4%
2015 (1 game)Tyler O'Connor
71.4%
2012, 2013 (1 game)Andrew Maxwell
70.8%
1994-1995Tony Banks
59.1%
1991-1993Jim Miller
46.2%
2009Keith Nichol
45%
1996, 1998-1999Bill Burke
43.3%
Year(s) Started Quarterback % Correct
2001, 2002, 2004Damon Dowdell
33.3%
1989-1990Dan Enos
28.1%
1985, 1987-1988Bobby McAllister
23.4%
1995, 1996-1997Todd Schultz
22.2%
1982, 1983, 1984-1985, 1986Dave Yarema
21.1%
1992 (1 game)Bret Johnson
19.9%
1998, 2000, 2001Ryan Van Dyke
11.7%
2004Stephen Reaves
11.1%
1992 (1 game)Mill Coleman
9.4%
1996Gus Ornstein
5.8%

You're not logged in!

Compare scores with friends on all Sporcle quizzes.
Join for Free
OR
Log In

You Might Also Like...

Show Comments

Extras

Top Quizzes Today


Score Distribution

Your Account Isn't Verified!

In order to create a playlist on Sporcle, you need to verify the email address you used during registration. Go to your Sporcle Settings to finish the process.

Report this User

Report this user for behavior that violates our Community Guidelines.

Details: